Dove giocava nel 2010-2011? - Quiz n°39 - Statistics

Statistiche generali
  • Questo quiz è stato fatto 12 volte
  • Il punteggio medio è 7 su 10
Statistiche sulle risposte
Hint Risposta % Corretto
Wojciech Szczęsny Arsenal
90%
Teemu Pukki HJK
80%
Antonio Nocerino Palermo
80%
Rolando Bianchi Torino
80%
Andrea Masiello Bari
70%
Emiliano Viviano Bologna
70%
Ștefan Radu Lazio
70%
Pepe Reina Liverpool
70%
Gianluca Caprari Roma
60%
Franco Vázquez Belgrano
40%
Nessun quiz corrispondente trovato
Distribuzione punteggi
Percentuale di utenti per punteggio
Percentile per numero di risposta
I tuoi punteggi nel tempo
Non hai fatto questo quiz